ARRUPE JESUIT UNIVERSITY

CORONAVIRUS -STOP THE SPREAD - CLEAN,DISINFECT,COVER

Education plc? (Record no. 120618)

MARC details
000 -LEADER
fixed length control field 00507nam a22001457a 4500
008 - FIXED-LENGTH DATA ELEMENTS--GENERAL INFORMATION
fixed length control field 140605b xxu||||| |||| 00| 0 eng d
020 ## - INTERNATIONAL STANDARD BOOK NUMBER
International Standard Book Number 0854731911
050 ## - LIBRARY OF CONGRESS CALL NUMBER
Classification number LB1778.4.G7 M462
100 ## - MAIN ENTRY--PERSONAL NAME
Personal name Maw, Janet et al...
9 (RLIN) 10603
245 ## - TITLE STATEMENT
Title Education plc?
Remainder of title headteachers and the new training initiative
Statement of responsibility, etc Janet Maw et al...
260 ## - PUBLICATION, DISTRIBUTION, ETC. (IMPRINT)
Place of publication, distribution, etc London
Name of publisher, distributor, etc Institute of education, University of London
Date of publication, distribution, etc 1984
300 ## - PHYSICAL DESCRIPTION
Extent 63cm. ;
Dimensions 22cm.
650 ## - SUBJECT ADDED ENTRY--TOPICAL TERM
Topical term or geographic name as entry element Teachers, Training of
Geographic subdivision Great Britain
9 (RLIN) 10604
942 ## - ADDED ENTRY ELEMENTS (KOHA)
Source of classification or shelving scheme Library of Congress Classification
Item type Monograph ( Printed materials)
Holdings
Withdrawn status Lost status Source of classification or shelving scheme Damaged status Not for loan Collection code Home library Current library Shelving location Date acquired Total Checkouts Full call number Barcode Date last seen Price effective from Koha item type
    Library of Congress Classification     Main Collection ARRUPE LIBRARY ARRUPE LIBRARY Main Collection 05/06/2014   LB1778.4.G7 M462 46500000626 28/06/2018 05/06/2014 Monograph ( Printed materials)

 

Arrupe Library. PO Box MP320 Mt Pleasant, Harare, Zimbabwe
263 242 745411|librarian@aju.ac.zw